Minimal submanifolds and geodesics : proceedings of the Japan-United States Seminar on Minimal Submanifolds, including Geodesics, Tokyo 1977 /

Bibliographic Details
Corporate Author: Japan-United States Seminar on Minimal Submanifolds, including Geodesics Tokyo
Other Authors: Obata, Morio, 1926-2006
Format: Conference Proceeding Book
Language:English
Published: Amsterdam ; New York : North-Holland, 1979
Subjects:

MARC

Tag First Indicator Second Indicator Subfields
LEADER 00000cam a2200000 i 4500
001 in00000055960
005 20151008052335.0
008 800313c19791978ne a b 10010 eng
010 |a  80456005  
015 |a Ne*** 
020 |a 0444853278 
035 |a (OCoLC)05828616 
035 |9 AAH2911AM 
040 |a DLC  |c DLC  |d TXA  |d UtOrBLW 
049 |a TXAM  |c [1159934] 
050 0 0 |a QA641  |b .J36 1977 
082 0 |a 516.3/6 
111 2 |a Japan-United States Seminar on Minimal Submanifolds, including Geodesics  |d (1977 :  |c Tokyo) 
245 1 0 |a Minimal submanifolds and geodesics :  |b proceedings of the Japan-United States Seminar on Minimal Submanifolds, including Geodesics, Tokyo 1977 /  |c edited by Morio Obata. 
264 1 |a Amsterdam ;  |a New York :  |b North-Holland,  |c 1979 
264 4 |c ©1978 
300 |a x, 292 pages :  |b illustrations ;  |c 24 cm. 
336 |a text  |b txt  |2 rdacontent 
337 |a unmediated  |b n  |2 rdamedia 
338 |a volume  |b nc  |2 rdacarrier 
504 |a Includes bibliographical references. 
650 0 |a Geometry, Differential  |v Congresses. 
650 0 |a Submanifolds  |x Congresses. 
700 1 |a Obata, Morio,  |d 1926-2006. 
999 |a MARS 
999 f f |s c2884cd8-1490-3428-acc4-f28c76bc2e67  |i 74f1674e-83b5-3ad5-a1f9-6c96121f5c1d  |t 0 
952 f f |p ric  |a Texas A&M University  |b Rellis Campus  |c Joint Library Facility  |d Remote Storage  |t 0  |e QA641 .J36 1977  |h Library of Congress classification  |i unmediated -- volume  |m A14804557234 
998 f f |a QA641 .J36 1977  |t 0  |l Remote Storage